| 000 | 00724cam a22002533a 4500 | ||
|---|---|---|---|
| 001 | 1937 | ||
| 003 | PGUSA | ||
| 005 | 20140828083008.0 | ||
| 008 | 991001s1999||||xxu|||||s|||||000 1 eng d | ||
| 040 |
_aPGUSA _beng |
||
| 042 | _adc | ||
| 050 | 4 | _aPR | |
| 100 | 1 |
_aKipling, Rudyard, _d1865-1936 |
|
| 245 | 1 | 4 |
_aThe Second Jungle Book _h[electronic resource] / _cRudyard Kipling |
| 260 |
_bProject Gutenberg, _c1999 |
||
| 506 | _aPublic domain in the USA. | ||
| 516 | _aElectronic text | ||
| 653 | _aMowgli (Fictitious character) -- Fiction | ||
| 653 | _aJungle animals -- Fiction | ||
| 653 | _aIndia -- Fiction | ||
| 830 | 0 |
_aProject Gutenberg _v1937 |
|
| 856 | 4 | 0 | _uhttp://www.gutenberg.org/ebooks/1937 |
| 942 | _cEB | ||
| 999 |
_c231279 _d231279 |
||